En el principio era el sentido : reflexiones en torno al ser humano /

Zapisane w:
Opis bibliograficzny
1. autor: Frankl, Viktor E. (autor)
Kolejni autorzy: Kreuzer, Franz (entrevista) (entrevista)
Format: Książka
Język:hiszpański
Wydane: México : Paidós, 2001, c2001
Seria:(Paidós Contextos ; 58)
Hasła przedmiotowe:
Etykiety: Dodaj etykietę
Nie ma etykietki, Dołącz pierwszą etykiete!

MARC

LEADER 00000nam^a2200000^a^4500
001 000119858
005 20250521000000.0
009 20260310094330.533
020 |a 968-853-468-4 
037 |a Acervo ITESO - Biblioteca 
041 |a ESP 
082 |a 616. 89147  |b FRA 
100 |a Frankl, Viktor E.  |e (autor) 
245 1 0 |a En el principio era el sentido :  |b reflexiones en torno al ser humano /  |c V.E. Frankl ; entrevistado por F. Keuzer ; tr. por Héctor Piquer Minguijón. 
264 4 |a México :  |b Paidós,  |c 2001, c2001 
300 |a 140 p. 
336 |a texto  |b txt  |2 rdacontenido 
337 |a sin mediación  |b n  |2 rdamedio 
338 |a volumen  |b nc  |2 rdasoporte 
440 1 |a (Paidós Contextos ;  |v 58) 
500 |a Traducción de: Im Anfang war der Sinn 
649 |a XX 
650 |a Psicoterapeutas -  |x Entrevistas 
650 |a Psicólogos -  |x Entrevistas 
650 |a Logoterapia 
650 |a Psicoterapia 
650 |a Psicología Clínica 
650 |a Humanismo 
700 |a Kreuzer, Franz  |e (entrevista) 
910 |a Fondo General 
920 |a Impresos - Libros 
930 |a Colección General 
905 |a 101 
901 |a 0500054698  |b IT1  |c ACC  |u 20250521 
901 |a 0500090453  |b IT1  |c ACC  |u 20250521 
902 |a https://opac.biblio.iteso.mx/vufind/Record/000119858